Quiz o krajach #3 - Statystyki

Ogólne statystyki
  • Ten quiz został rozwiązany 113 razy
    104 od ostatniego zresetowania
  • Średni wynik to 9 z 17
Statystyki odpowiedzi
Pytanie Odpowiedź % Poprawnych
Na jakim kontynencie znajduje się półwysepBałkański? W Europie
99%
Czy istnieje Korea Środkowa? Nie
89%
Do jakiego kraju należy Alaska? Do Stanów Zjednoczonych
83%
Jaki jest sport narodowy Kanady? Hokej na lodzie
80%
Jakie europejskie państwo specjalizuje się w uprawiekwiatów? Holandia
76%
Jaki znany biegacz pochodzi z Jamajki? Usain Bolt
70%
Jaka religia wywodzi się z Mekki? Islam
69%
Jak nazywa się mała część Rosji granicząca z Polską? Obwód Kaliningradzki
61%
Jaka znana piosenkarka pochodzi z Barbadosu? Rihanna
52%
Najbardziej wysunięte na wschód afrykańskie państwoto (pomijając wyspy) _______. Somalia
52%
Jakiej waluty używa się w Zimbabwe? Dolara Amerykańskiego
47%
Granicę Europy i Azji stanowią dwa pasma górskie.Są to: Urale i ______. Kaukaz
42%
Jak się nazywa nieuznawana część Cypru? Cypr Północny
27%
Jaka jest stolica Wysp Salomona? Honiara
16%
Jakie jest drugie największe miasto Arabii Saudyjskiej? Dżudda
8%
"საქართველო" Jakie to pismo? Gruzińskie
8%
Jak nazywa się plemię mieszkające na Wyspie Wielkanocnejnależącej do Chile? Rapa Nui
2%
Nie znaleziono quizów pasujących do podanych kryteriów
Rozkład punktacji
Procent ludzi z każdym wynikiem
Percentyl według liczby udzielonych odpowiedzi
Twoja historia wyników
Nie rozwiązałeś tego quizu od ostatniego zresetowania